| 000 -LEADER |
| fixed length control field |
00949nam a22001457a 4500 |
| 008 - FIXED-LENGTH DATA ELEMENTS--GENERAL INFORMATION |
| fixed length control field |
240819b ||||| |||| 00| 0 eng d |
| 100 ## - MAIN ENTRY--PERSONAL NAME |
| Personal name |
Shukla, Sandeep K. et al |
| 245 ## - TITLE STATEMENT |
| Title |
Cyersecurity frameworks and models: Review of the existing global best practices |
| 260 ## - PUBLICATION, DISTRIBUTION, ETC. (IMPRINT) |
| Place of publication, distribution, etc |
Productivity |
| 300 ## - PHYSICAL DESCRIPTION |
| Extent |
65(1), Apr-Jun, 2024: p.29-42 |
| 520 ## - SUMMARY, ETC. |
| Summary, etc |
The pace of digitalization has accelerated, and internal concetivit8 has expanded beyond traditional computers and mobile phones to encompass other cyber physical or smart systems. This introduces a new paradigm of threats, including remote exploitation of operational technology networks and systems, such as air defence and coastal surveillance networks, power grids, pipelines, air traffic control systems, apart operation systems, railway signaling systems, satellites, industrial plants and more. – Reproduced |
| 773 ## - HOST ITEM ENTRY |
| Main entry heading |
Productivity |
| 906 ## - LOCAL DATA ELEMENT F, LDF (RLIN) |
| Subject DIP |
CYBER SECURITY |
| 942 ## - ADDED ENTRY ELEMENTS (KOHA) |
| Item type |
Articles |